[Event "DVM U20w 2017"]
[Site "Düsseldorf GER"]
[Date "2017.12.29"]
[Round "5"]
[White "Halas, Julia"]
[Black "Gatzke, Carolin"]
[Result "1/2-1/2"]
[Termination "normal"]
[Board "1.1"]
[WhiteElo "1901"]
[BlackElo "1787"]
[WhiteClock "00:29:35"]
[BlackClock "00:28:25"]
[WhiteTeam "SG Leipzig"]
[BlackTeam "Karlsruher SF"]
[PlyCount "84"]
[WhiteFideId "12931810"]
[BlackFideId "12943746"]
[EventCountry "GER"]
[EventRounds "7"]
[EventType "team-round robin"]
[EventDate "2017.12.26"]

1. d4 {[%clk 1:30:57]} Nf6 {[%clk 1:30:53]} 2. c4 {[%clk 1:31:20]} c5 {[%clk
1:31:16]} 3. d5 {[%clk 1:31:39]} e6 {[%clk 1:31:33]} 4. Nc3 {[%clk 1:31:55]}
exd5 {[%clk 1:31:48]} 5. cxd5 {[%clk 1:32:17]} d6 {[%clk 1:32:03]} 6. e4 {[%clk
1:28:54]} g6 {[%clk 1:31:55]} 7. h3 {[%clk 1:28:40]} a6 {[%clk 1:31:25]} 8. a4
{[%clk 1:28:57]} Bg7 {[%clk 1:31:20]} 9. Nf3 {[%clk 1:28:11]} O-O {[%clk
1:31:07]} 10. Bd3 {[%clk 1:26:22]} Re8 {[%clk 1:30:12]} 11. O-O {[%clk
1:25:12]} Nbd7 {[%clk 1:29:12]} 12. Bf4 {[%clk 1:24:32]} Qc7 {[%clk 1:29:23]}
13. Qc2 {[%clk 1:13:54]} c4 {[%clk 1:19:13]} 14. Be2 {[%clk 1:13:28]} Nc5
{[%clk 1:18:36]} 15. Nd2 {[%clk 1:11:53]} Nb3 {[%clk 1:15:37]} 16. Nxc4 {[%clk
0:54:10]} Nxa1 {[%clk 1:14:35]} 17. Rxa1 {[%clk 0:54:32]} Bf8 {[%clk 1:10:36]}
18. Bg5 {[%clk 0:50:22]} Nd7 {[%clk 1:06:05]} 19. a5 {[%clk 0:42:00]} b5 {[%clk
1:04:07]} 20. axb6 {[%clk 0:30:37]} Nxb6 {[%clk 1:04:25]} 21. Ne3 {[%clk
0:29:10]} Bb7 {[%clk 1:01:01]} 22. Ng4 {[%clk 0:26:29]} Nd7 {[%clk 0:50:48]}
23. Qa4 {[%clk 0:24:25]} Bg7 {[%clk 0:48:12]} 24. Nh6+ {[%clk 0:19:03]} Kf8
{[%clk 0:48:01]} 25. Bg4 {[%clk 0:12:10]} Ne5 {[%clk 0:43:16]} 26. f4 {[%clk
0:09:39]} Nxg4 {[%clk 0:36:08]} 27. Nxg4 {[%clk 0:10:04]} f5 {[%clk 0:27:01]}
28. exf5 {[%clk 0:07:49]} gxf5 {[%clk 0:27:16]} 29. Nf6 {[%clk 0:07:59]} Bxf6
{[%clk 0:23:51]} 30. Bxf6 {[%clk 0:08:28]} Kf7 {[%clk 0:23:00]} 31. Bd4 {[%clk
0:08:24]} Rg8 {[%clk 0:21:46]} 32. Qd1 {[%clk 0:08:15]} Rg6 {[%clk 0:16:20]}
33. Qh5 {[%clk 0:08:24]} Kg8 {[%clk 0:16:25]} 34. Qxf5 {[%clk 0:08:14]} Rf8
{[%clk 0:14:48]} 35. Qe4 {[%clk 0:08:27]} Qd7 {[%clk 0:12:39]} 36. Kh2 {[%clk
0:07:07]} Qf5 {[%clk 0:10:47]} 37. Qxf5 {[%clk 0:06:53]} Rxf5 {[%clk 0:11:15]}
38. Be3 {[%clk 0:04:38]} h5 {[%clk 0:10:18]} 39. g3 {[%clk 0:02:16]} Rg7 {[%clk
0:07:02]} 40. Ne4 {[%clk 0:01:53]} Re7 {[%clk 0:02:30]} 41. Nxd6 {[%clk
0:01:29]} Rxd5 {[%clk 0:00:42]} 42. Nc4 {[%clk 0:29:35]} Re4 {[%clk 0:28:25]}
1/2-1/2

[Event "DVM U20w 2017"]
[Site "Düsseldorf GER"]
[Date "2017.12.29"]
[Round "5"]
[White "Grining, Maria"]
[Black "Halas, Lena"]
[Result "1/2-1/2"]
[Termination "normal"]
[Board "1.2"]
[WhiteElo "1639"]
[BlackElo "1786"]
[WhiteClock "00:15:40"]
[BlackClock "00:16:04"]
[WhiteTeam "Karlsruher SF"]
[BlackTeam "SG Leipzig"]
[PlyCount "54"]
[WhiteFideId "16235037"]
[BlackFideId "12931799"]
[EventCountry "GER"]
[EventRounds "7"]
[EventType "team-round robin"]
[EventDate "2017.12.26"]

1. Nf3 {[%clk 1:30:53]} d5 {[%clk 1:30:50]} 2. c4 {[%clk 1:31:11]} e6 {[%clk
1:30:55]} 3. g3 {[%clk 1:30:31]} dxc4 {[%clk 1:31:11]} 4. Qa4+ {[%clk 1:29:32]}
Nd7 {[%clk 1:31:31]} 5. Qxc4 {[%clk 1:29:44]} a6 {[%clk 1:31:17]} 6. Bg2 {[%clk
1:28:58]} Ngf6 {[%clk 1:29:12]} 7. b3 {[%clk 1:26:30]} b5 {[%clk 1:25:50]} 8.
Qc2 {[%clk 1:26:13]} Bb7 {[%clk 1:25:56]} 9. O-O {[%clk 1:25:39]} c5 {[%clk
1:24:55]} 10. d3 {[%clk 1:23:45]} Be7 {[%clk 1:23:12]} 11. Bb2 {[%clk 1:21:48]}
O-O {[%clk 1:22:25]} 12. Nbd2 {[%clk 1:18:00]} Qb6 {[%clk 1:17:53]} 13. Rac1
{[%clk 1:11:52]} Rfc8 {[%clk 1:15:55]} 14. Qb1 {[%clk 0:59:46]} a5 {[%clk
1:05:22]} 15. e4 {[%clk 0:52:32]} a4 {[%clk 0:57:31]} 16. e5 {[%clk 0:46:01]}
Nd5 {[%clk 0:53:42]} 17. d4 {[%clk 0:37:58]} a3 {[%clk 0:48:55]} 18. dxc5
{[%clk 0:35:53]} Bxc5 {[%clk 0:46:13]} 19. Ba1 {[%clk 0:35:50]} Nb4 {[%clk
0:37:36]} 20. Ng5 {[%clk 0:29:02]} Nf8 {[%clk 0:37:56]} 21. Nde4 {[%clk
0:27:51]} Bd4 {[%clk 0:34:24]} 22. Rxc8 {[%clk 0:21:11]} Rxc8 {[%clk 0:18:37]}
23. Nd6 {[%clk 0:20:30]} Bxg2 {[%clk 0:18:58]} 24. Nxc8 {[%clk 0:20:19]} Qb7
{[%clk 0:19:11]} 25. Nd6 {[%clk 0:15:23]} Qd5 {[%clk 0:16:55]} 26. Nc8 {[%clk
0:15:22]} Qb7 {[%clk 0:16:53]} 27. Nd6 {[%clk 0:15:40]} Qd5 {[%clk 0:16:04]}
1/2-1/2

[Event "DVM U20w 2017"]
[Site "Düsseldorf GER"]
[Date "2017.12.29"]
[Round "5"]
[White "Hartewig, Anja"]
[Black "Bykov, Ilona"]
[Result "1-0"]
[Termination "normal"]
[Board "1.3"]
[WhiteElo "1779"]
[BlackElo "1468"]
[WhiteClock "00:05:00"]
[BlackClock "00:04:41"]
[WhiteTeam "SG Leipzig"]
[BlackTeam "Karlsruher SF"]
[PlyCount "79"]
[WhiteFideId "12917966"]
[BlackFideId "12964433"]
[EventCountry "GER"]
[EventRounds "7"]
[EventType "team-round robin"]
[EventDate "2017.12.26"]

1. d4 {[%clk 1:30:57]} d5 {[%clk 1:31:12]} 2. c4 {[%clk 1:31:21]} e6 {[%clk
1:31:24]} 3. Nf3 {[%clk 1:31:16]} Nf6 {[%clk 1:30:39]} 4. g3 {[%clk 1:30:33]}
Be7 {[%clk 1:30:29]} 5. Bg2 {[%clk 1:30:23]} O-O {[%clk 1:29:47]} 6. O-O {[%clk
1:29:44]} Nbd7 {[%clk 1:27:21]} 7. Nbd2 {[%clk 1:25:22]} c5 {[%clk 1:19:07]} 8.
b3 {[%clk 1:22:05]} Re8 {[%clk 1:04:29]} 9. Bb2 {[%clk 1:11:19]} cxd4 {[%clk
1:01:50]} 10. Bxd4 {[%clk 1:10:58]} Bc5 {[%clk 0:58:40]} 11. cxd5 {[%clk
1:04:44]} Nxd5 {[%clk 0:57:02]} 12. Nc4 {[%clk 0:59:51]} Bxd4 {[%clk 0:50:43]}
13. Qxd4 {[%clk 0:58:01]} Qc7 {[%clk 0:46:59]} 14. Rac1 {[%clk 0:55:11]} N7f6
{[%clk 0:44:35]} 15. Nce5 {[%clk 0:51:12]} Qe7 {[%clk 0:44:04]} 16. Rc4 {[%clk
0:41:33]} Rd8 {[%clk 0:37:34]} 17. Qh4 {[%clk 0:38:56]} h6 {[%clk 0:35:14]} 18.
Rfc1 {[%clk 0:34:51]} Ne8 {[%clk 0:31:48]} 19. Qh3 {[%clk 0:25:49]} Bd7 {[%clk
0:24:28]} 20. Nxd7 {[%clk 0:17:36]} Qxd7 {[%clk 0:20:46]} 21. Ne5 {[%clk
0:17:22]} Qe7 {[%clk 0:18:36]} 22. Ng4 {[%clk 0:17:05]} Nb6 {[%clk 0:16:43]}
23. Nxh6+ {[%clk 0:14:00]} gxh6 {[%clk 0:15:38]} 24. Rh4 {[%clk 0:13:55]} Qg5
{[%clk 0:10:30]} 25. Rg4 {[%clk 0:13:23]} Qxg4 {[%clk 0:10:11]} 26. Qxg4+
{[%clk 0:13:42]} Kh7 {[%clk 0:10:07]} 27. Bxb7 {[%clk 0:13:09]} Rab8 {[%clk
0:10:28]} 28. Ba6 {[%clk 0:12:29]} Nf6 {[%clk 0:08:21]} 29. Qf3 {[%clk
0:11:45]} Kg7 {[%clk 0:08:42]} 30. Rc7 {[%clk 0:11:10]} Ra8 {[%clk 0:07:42]}
31. e4 {[%clk 0:10:07]} Rf8 {[%clk 0:06:51]} 32. h4 {[%clk 0:07:43]} Nbd7
{[%clk 0:06:34]} 33. Qf4 {[%clk 0:06:18]} Ne5 {[%clk 0:06:33]} 34. Qxe5 {[%clk
0:06:20]} Kg6 {[%clk 0:05:15]} 35. f4 {[%clk 0:04:23]} Rfe8 {[%clk 0:04:11]}
36. f5+ {[%clk 0:04:06]} exf5 {[%clk 0:04:28]} 37. Qxf5+ {[%clk 0:04:25]} Kg7
{[%clk 0:04:45]} 38. e5 {[%clk 0:04:40]} Nd5 {[%clk 0:04:21]} 39. Qxf7+ {[%clk
0:05:00]} Kh8 {[%clk 0:04:41]} 40. Qh7# 1-0

[Event "DVM U20w 2017"]
[Site "Düsseldorf GER"]
[Date "2017.12.29"]
[Round "5"]
[White "Henke, Hanna"]
[Black "Oswald, Lena"]
[Result "0-1"]
[Termination "normal"]
[Board "1.4"]
[WhiteElo "1182"]
[BlackElo "1670"]
[WhiteClock "00:30:24"]
[BlackClock "01:00:57"]
[WhiteTeam "Karlsruher SF"]
[BlackTeam "SG Leipzig"]
[PlyCount "172"]
[WhiteFideId "12964441"]
[BlackFideId "12983314"]
[EventCountry "GER"]
[EventRounds "7"]
[EventType "team-round robin"]
[EventDate "2017.12.26"]

1. e4 {[%clk 1:30:57]} c5 {[%clk 1:30:53]} 2. Nf3 {[%clk 1:31:16]} d6 {[%clk
1:31:16]} 3. d4 {[%clk 1:31:34]} cxd4 {[%clk 1:31:41]} 4. Nxd4 {[%clk 1:31:58]}
Nf6 {[%clk 1:32:06]} 5. Nc3 {[%clk 1:32:12]} g6 {[%clk 1:32:29]} 6. Be3 {[%clk
1:32:27]} Bg7 {[%clk 1:32:52]} 7. f3 {[%clk 1:32:29]} Nc6 {[%clk 1:33:17]} 8.
Qd2 {[%clk 1:31:54]} O-O {[%clk 1:31:36]} 9. O-O-O {[%clk 1:31:56]} Nxd4 {[%clk
1:28:18]} 10. Bxd4 {[%clk 1:30:08]} Be6 {[%clk 1:25:58]} 11. g4 {[%clk
1:28:10]} Qa5 {[%clk 1:22:25]} 12. a3 {[%clk 1:24:52]} a6 {[%clk 1:13:02]} 13.
h4 {[%clk 1:22:08]} b5 {[%clk 1:12:16]} 14. h5 {[%clk 1:19:26]} Rac8 {[%clk
1:10:49]} 15. hxg6 {[%clk 1:09:54]} fxg6 {[%clk 1:11:08]} 16. g5 {[%clk
0:59:36]} Nh5 {[%clk 1:09:50]} 17. Bh3 {[%clk 0:55:24]} Bxh3 {[%clk 1:03:09]}
18. Rxh3 {[%clk 0:55:50]} Qd8 {[%clk 0:59:22]} 19. Nd5 {[%clk 0:50:15]} Bxd4
{[%clk 0:49:54]} 20. Qxd4 {[%clk 0:50:31]} e6 {[%clk 0:49:51]} 21. Rxh5 {[%clk
0:43:01]} Rc4 {[%clk 0:32:53]} 22. Nf6+ {[%clk 0:40:31]} Rxf6 {[%clk 0:32:46]}
23. Qxf6 {[%clk 0:40:47]} Qxf6 {[%clk 0:32:58]} 24. gxf6 {[%clk 0:40:59]} gxh5
{[%clk 0:33:20]} 25. Rxd6 {[%clk 0:39:58]} Kf7 {[%clk 0:32:10]} 26. e5 {[%clk
0:38:29]} Rf4 {[%clk 0:31:39]} 27. Rd7+ {[%clk 0:37:37]} Kg6 {[%clk 0:31:46]}
28. Re7 {[%clk 0:37:14]} h4 {[%clk 0:28:05]} 29. Rg7+ {[%clk 0:20:51]} Kh6
{[%clk 0:28:12]} 30. Rg1 {[%clk 0:20:05]} Rxf3 {[%clk 0:28:05]} 31. Rh1 {[%clk
0:20:04]} h3 {[%clk 0:28:12]} 32. f7 {[%clk 0:19:59]} Kg7 {[%clk 0:27:50]} 33.
Kd2 {[%clk 0:18:42]} Kxf7 {[%clk 0:27:22]} 34. Ke2 {[%clk 0:18:50]} Rg3 {[%clk
0:27:34]} 35. Kf2 {[%clk 0:17:55]} Rg2+ {[%clk 0:27:39]} 36. Kf3 {[%clk
0:18:05]} Rxc2 {[%clk 0:27:44]} 37. Rxh3 {[%clk 0:18:18]} Kg6 {[%clk 0:27:42]}
38. Kf4 {[%clk 0:17:28]} Rf2+ {[%clk 0:24:41]} 39. Ke4 {[%clk 0:15:38]} Rf5
{[%clk 0:23:58]} 40. Rg3+ {[%clk 0:14:05]} Rg5 {[%clk 0:24:07]} 41. Rf3 {[%clk
0:14:04]} Kg7 {[%clk 0:23:15]} 42. Rf6 {[%clk 0:13:59]} Rg6 {[%clk 0:23:35]}
43. Rf4 {[%clk 0:11:58]} h5 {[%clk 0:23:10]} 44. Kf3 {[%clk 0:11:48]} Rg5
{[%clk 0:21:30]} 45. Ke4 {[%clk 0:11:42]} Kh6 {[%clk 0:20:49]} 46. Rf6+ {[%clk
0:01:47]} Rg6 {[%clk 0:20:59]} 47. Rf8 {[%clk 0:00:52]} Kg5 {[%clk 0:20:06]}
48. Kf3 {[%clk 0:29:32]} h4 {[%clk 0:48:42]} 49. Rh8 {[%clk 0:29:00]} Rh6
{[%clk 0:48:17]} 50. Rxh6 {[%clk 0:28:53]} Kxh6 {[%clk 0:48:34]} 51. Kg4 {[%clk
0:29:21]} h3 {[%clk 0:48:55]} 52. Kxh3 {[%clk 0:29:48]} Kg5 {[%clk 0:49:08]}
53. Kg3 {[%clk 0:30:08]} Kf5 {[%clk 0:49:33]} 54. Kf3 {[%clk 0:30:32]} Kxe5
{[%clk 0:49:40]} 55. Ke3 {[%clk 0:30:55]} Kd5 {[%clk 0:49:35]} 56. Kd3 {[%clk
0:30:43]} e5 {[%clk 0:49:53]} 57. b3 {[%clk 0:28:01]} e4+ {[%clk 0:50:10]} 58.
Ke3 {[%clk 0:28:14]} Ke5 {[%clk 0:50:23]} 59. a4 {[%clk 0:26:57]} b4 {[%clk
0:50:35]} 60. Kd2 {[%clk 0:24:07]} Kd4 {[%clk 0:50:48]} 61. a5 {[%clk 0:24:08]}
e3+ {[%clk 0:50:52]} 62. Kc2 {[%clk 0:23:05]} e2 {[%clk 0:50:59]} 63. Kd2
{[%clk 0:23:24]} e1=Q+ {[%clk 0:51:24]} 64. Kxe1 {[%clk 0:23:46]} Kc3 {[%clk
0:51:52]} 65. Kd1 {[%clk 0:23:47]} Kxb3 {[%clk 0:52:17]} 66. Kc1 {[%clk
0:24:07]} Ka2 {[%clk 0:52:40]} 67. Kc2 {[%clk 0:23:52]} b3+ {[%clk 0:53:06]}
68. Kc3 {[%clk 0:24:18]} b2 {[%clk 0:53:32]} 69. Kd4 {[%clk 0:24:35]} b1=Q
{[%clk 0:53:54]} 70. Ke5 {[%clk 0:24:58]} Qb4 {[%clk 0:54:10]} 71. Kd5 {[%clk
0:25:08]} Kb3 72. Ke5 {[%clk 0:25:24]} Qc4 {[%clk 0:54:54]} 73. Kd6 {[%clk
0:26:00]} Qb5 {[%clk 0:55:37]} 74. Ke6 {[%clk 0:26:21]} Qxa5 {[%clk 0:55:52]}
75. Kd6 {[%clk 0:26:39]} Qb5 {[%clk 0:56:15]} 76. Ke6 {[%clk 0:27:03]} Qc5
{[%clk 0:56:41]} 77. Kf6 {[%clk 0:27:22]} Qd5 {[%clk 0:57:06]} 78. Kg6 {[%clk
0:27:39]} Qe5 {[%clk 0:57:30]} 79. Kf7 {[%clk 0:28:01]} Qd6 {[%clk 0:57:54]}
80. Kg7 {[%clk 0:28:22]} Qe6 {[%clk 0:58:19]} 81. Kh8 {[%clk 0:28:39]} Qe7
{[%clk 0:58:44]} 82. Kg8 {[%clk 0:28:54]} Kc4 {[%clk 0:59:10]} 83. Kh8 {[%clk
0:29:19]} Kd5 {[%clk 0:59:37]} 84. Kg8 {[%clk 0:29:42]} Ke6 {[%clk 1:00:04]}
85. Kh8 {[%clk 0:30:04]} Kf6 {[%clk 1:00:31]} 86. Kg8 {[%clk 0:30:24]} Qg7#
{[%clk 1:00:57]} 0-1

[Event "DVM U20w 2017"]
[Site "Düsseldorf GER"]
[Date "2017.12.29"]
[Round "5"]
[White "Wolff, Marie Antoinette"]
[Black "Peil, Celine"]
[Result "1-0"]
[Termination "normal"]
[Board "2.1"]
[WhiteElo "1744"]
[BlackElo "1705"]
[WhiteClock "00:35:17"]
[BlackClock "00:16:00"]
[WhiteTeam "Leegebrucher SF"]
[BlackTeam "USG Chemnitz"]
[PlyCount "101"]
[WhiteFideId "12908258"]
[BlackFideId "12942219"]
[EventCountry "GER"]
[EventRounds "7"]
[EventType "team-round robin"]
[EventDate "2017.12.26"]

1. c4 {[%clk 1:30:55]} Nf6 {[%clk 1:28:40]} 2. Nc3 {[%clk 1:31:16]} d5 {[%clk
1:28:14]} 3. e3 {[%clk 1:29:49]} dxc4 {[%clk 1:27:16]} 4. Bxc4 {[%clk 1:30:04]}
e6 {[%clk 1:27:00]} 5. d4 {[%clk 1:30:02]} Be7 {[%clk 1:27:01]} 6. Nf3 {[%clk
1:30:22]} O-O {[%clk 1:27:11]} 7. O-O {[%clk 1:30:44]} Nbd7 {[%clk 1:23:18]} 8.
Qe2 {[%clk 1:27:35]} c5 {[%clk 1:22:16]} 9. Rd1 {[%clk 1:26:42]} a6 {[%clk
1:21:27]} 10. a4 {[%clk 1:25:58]} Qc7 {[%clk 1:19:16]} 11. d5 {[%clk 1:23:26]}
exd5 {[%clk 1:19:04]} 12. Nxd5 {[%clk 1:21:15]} Nxd5 {[%clk 1:18:57]} 13. Bxd5
{[%clk 1:21:39]} Bf6 {[%clk 1:14:24]} 14. Qc2 {[%clk 1:20:09]} Rb8 {[%clk
1:05:47]} 15. Bd2 {[%clk 1:15:44]} b5 {[%clk 0:53:54]} 16. axb5 {[%clk
1:13:29]} axb5 {[%clk 0:52:00]} 17. Ba5 {[%clk 1:12:25]} Nb6 {[%clk 0:51:10]}
18. Rac1 {[%clk 1:07:13]} Be7 {[%clk 0:30:26]} 19. Be4 {[%clk 0:59:07]} h6
{[%clk 0:28:21]} 20. Nd4 {[%clk 0:56:43]} Bd7 {[%clk 0:26:20]} 21. Nf5 {[%clk
0:54:42]} Bxf5 {[%clk 0:22:31]} 22. Bxf5 {[%clk 0:55:05]} Bd6 {[%clk 0:21:04]}
23. h3 {[%clk 0:53:43]} Qe7 {[%clk 0:20:26]} 24. b3 {[%clk 0:47:54]} c4 {[%clk
0:16:35]} 25. Bxb6 {[%clk 0:47:03]} cxb3 {[%clk 0:16:06]} 26. Qc6 {[%clk
0:46:01]} Qe5 {[%clk 0:15:20]} 27. Qxd6 {[%clk 0:45:20]} Qxf5 {[%clk 0:15:40]}
28. Bd4 {[%clk 0:40:20]} Ra8 {[%clk 0:15:41]} 29. Qc5 {[%clk 0:38:28]} Qg6
{[%clk 0:13:53]} 30. Qxb5 {[%clk 0:36:27]} Rfb8 {[%clk 0:14:03]} 31. Qe2 {[%clk
0:35:07]} Ra4 {[%clk 0:10:01]} 32. Rb1 {[%clk 0:31:01]} Qe4 {[%clk 0:10:01]}
33. Qd3 {[%clk 0:30:10]} Qe6 {[%clk 0:09:11]} 34. Rd2 {[%clk 0:28:17]} Ra5
{[%clk 0:07:56]} 35. Qc3 {[%clk 0:25:48]} Rg5 {[%clk 0:08:08]} 36. f4 {[%clk
0:24:52]} Rg3 {[%clk 0:03:48]} 37. Be5 {[%clk 0:23:16]} Rc8 {[%clk 0:02:32]}
38. Qxb3 {[%clk 0:22:53]} Qxh3 {[%clk 0:02:10]} 39. Re1 {[%clk 0:20:57]} Rc6
{[%clk 0:01:04]} 40. f5 {[%clk 0:14:31]} Rg4 {[%clk 0:00:51]} 41. Qd5 {[%clk
0:11:33]} Ra6 {[%clk 0:28:21]} 42. Qd3 {[%clk 0:37:56]} Raa4 {[%clk 0:26:36]}
43. f6 {[%clk 0:36:52]} Qh4 {[%clk 0:19:05]} 44. Rf1 {[%clk 0:35:37]} gxf6
{[%clk 0:14:40]} 45. Bxf6 {[%clk 0:35:21]} Qg3 {[%clk 0:14:35]} 46. Qd8+ {[%clk
0:34:55]} Kh7 {[%clk 0:15:00]} 47. Qh8+ {[%clk 0:34:47]} Kg6 {[%clk 0:15:25]}
48. Qg7+ {[%clk 0:34:57]} Kh5 {[%clk 0:15:51]} 49. Qxf7+ {[%clk 0:35:09]} Rg6
{[%clk 0:15:58]} 50. Rd5+ {[%clk 0:35:14]} Kg4 {[%clk 0:16:00]} 51. Qxg6#
{[%clk 0:35:17]} 1-0

[Event "DVM U20w 2017"]
[Site "Düsseldorf GER"]
[Date "2017.12.29"]
[Round "5"]
[White "Kluge, Leyla"]
[Black "Schiewe, Nadin"]
[Result "0-1"]
[Termination "normal"]
[Board "2.2"]
[WhiteElo "1600"]
[BlackElo "1498"]
[WhiteClock "00:30:30"]
[BlackClock "00:48:26"]
[WhiteTeam "USG Chemnitz"]
[BlackTeam "Leegebrucher SF"]
[PlyCount "71"]
[WhiteFideId "12918172"]
[BlackFideId "16209079"]
[EventCountry "GER"]
[EventRounds "7"]
[EventType "team-round robin"]
[EventDate "2017.12.26"]

1. c4 {[%clk 1:30:59]} b6 {[%clk 1:30:50]} 2. d4 {[%clk 1:29:36]} e6 {[%clk
1:31:00]} 3. Nc3 {[%clk 1:29:25]} Bb7 {[%clk 1:31:14]} 4. e3 {[%clk 1:26:34]}
Bb4 {[%clk 1:31:00]} 5. Bd2 {[%clk 1:26:33]} d5 {[%clk 1:29:49]} 6. cxd5 {[%clk
1:19:45]} Bxc3 {[%clk 1:27:41]} 7. bxc3 {[%clk 1:18:59]} Bxd5 {[%clk 1:27:35]}
8. c4 {[%clk 1:18:59]} Bb7 {[%clk 1:27:12]} 9. Nf3 {[%clk 1:12:51]} Nd7 {[%clk
1:26:44]} 10. Be2 {[%clk 1:10:01]} Ngf6 {[%clk 1:25:41]} 11. O-O {[%clk
1:09:59]} c5 {[%clk 1:23:39]} 12. Bc3 {[%clk 1:08:40]} Ne4 {[%clk 1:21:01]} 13.
Bb2 {[%clk 1:06:04]} O-O {[%clk 1:20:35]} 14. Qd3 {[%clk 0:57:02]} Qc7 {[%clk
1:18:27]} 15. Rfd1 {[%clk 0:45:11]} Rfd8 {[%clk 1:17:40]} 16. Rac1 {[%clk
0:44:11]} Rac8 {[%clk 1:15:52]} 17. d5 {[%clk 0:16:24]} exd5 {[%clk 1:12:07]}
18. cxd5 {[%clk 0:16:46]} Ndf6 {[%clk 1:11:14]} 19. Bxf6 {[%clk 0:12:49]} Nxf6
{[%clk 1:11:35]} 20. e4 {[%clk 0:12:34]} Qe7 {[%clk 1:08:54]} 21. Nd2 {[%clk
0:10:27]} Re8 {[%clk 1:06:46]} 22. Bf3 {[%clk 0:09:26]} Nd7 {[%clk 1:03:53]}
23. Qa3 {[%clk 0:07:37]} a6 {[%clk 1:00:07]} 24. Nc4 {[%clk 0:06:25]} b5 {[%clk
0:56:37]} 25. Na5 {[%clk 0:06:21]} Ne5 {[%clk 0:55:33]} 26. Nxb7 {[%clk
0:05:27]} Nxf3+ {[%clk 0:55:55]} 27. gxf3 {[%clk 0:05:29]} Qxb7 {[%clk
0:55:40]} 28. Rxc5 {[%clk 0:05:47]} Rxc5 {[%clk 0:55:44]} 29. Qxc5 {[%clk
0:06:14]} Rc8 {[%clk 0:55:53]} 30. Qa3 {[%clk 0:03:54]} Qb6 {[%clk 0:53:34]}
31. d6 {[%clk 0:02:00]} Rc2 {[%clk 0:52:15]} 32. Qe3 {[%clk 0:01:56]} Qd8
{[%clk 0:51:53]} 33. d7 {[%clk 0:01:12]} h6 {[%clk 0:49:53]} 34. Rd2 {[%clk
0:00:34]} Rc7 {[%clk 0:49:03]} 35. Qd4 {[%clk 0:00:32]} Rc4 {[%clk 0:48:26]}
36. Qd5 {[%clk 0:30:30]} 0-1

[Event "DVM U20w 2017"]
[Site "Düsseldorf GER"]
[Date "2017.12.29"]
[Round "5"]
[White "Jacoby, Angelina"]
[Black "Wienhold, Nadine"]
[Result "1-0"]
[Termination "normal"]
[Board "2.3"]
[WhiteElo "1167"]
[BlackElo "1422"]
[WhiteClock "00:10:05"]
[BlackClock "00:18:51"]
[WhiteTeam "Leegebrucher SF"]
[BlackTeam "USG Chemnitz"]
[PlyCount "79"]
[WhiteFideId "12999008"]
[BlackFideId "12964514"]
[EventCountry "GER"]
[EventRounds "7"]
[EventType "team-round robin"]
[EventDate "2017.12.26"]

1. e4 {[%clk 1:30:58]} e5 {[%clk 1:30:47]} 2. Nf3 {[%clk 1:30:59]} Nc6 {[%clk
1:30:24]} 3. c3 {[%clk 1:31:12]} Nf6 {[%clk 1:29:43]} 4. d4 {[%clk 1:30:10]}
exd4 {[%clk 1:29:38]} 5. e5 {[%clk 1:30:16]} Qe7 {[%clk 1:24:51]} 6. Qe2 {[%clk
1:26:54]} Nd5 {[%clk 1:23:15]} 7. cxd4 {[%clk 1:24:05]} d6 {[%clk 1:22:52]} 8.
Qb5 {[%clk 1:13:07]} Nb6 {[%clk 1:18:45]} 9. Bf4 {[%clk 1:02:05]} dxe5 {[%clk
1:14:48]} 10. dxe5 {[%clk 1:00:48]} a6 {[%clk 1:14:53]} 11. Qe2 {[%clk
0:56:17]} Qb4+ {[%clk 1:14:49]} 12. Qd2 {[%clk 0:55:48]} Bf5 {[%clk 1:10:51]}
13. a3 {[%clk 0:49:52]} Qxd2+ {[%clk 1:01:41]} 14. Nbxd2 {[%clk 0:46:06]} Rd8
{[%clk 0:59:06]} 15. Be2 {[%clk 0:43:32]} Be7 {[%clk 0:56:10]} 16. O-O {[%clk
0:43:19]} O-O {[%clk 0:56:14]} 17. Rac1 {[%clk 0:42:04]} Rd7 {[%clk 0:55:17]}
18. Rfd1 {[%clk 0:41:35]} Nd8 {[%clk 0:45:54]} 19. Nc4 Rxd1+ {[%clk 0:45:55]}
20. Rxd1 {[%clk 0:38:40]} Nxc4 {[%clk 0:45:37]} 21. Bxc4 {[%clk 0:38:35]} Ne6
{[%clk 0:39:31]} 22. Bg3 {[%clk 0:33:13]} Rd8 {[%clk 0:35:12]} 23. Rxd8+ {[%clk
0:31:53]} Bxd8 {[%clk 0:35:16]} 24. Kf1 {[%clk 0:30:40]} Kf8 {[%clk 0:35:27]}
25. Ke1 {[%clk 0:29:42]} Ke8 {[%clk 0:34:09]} 26. Kd2 {[%clk 0:24:05]} Ng5
{[%clk 0:28:51]} 27. Nxg5 {[%clk 0:23:39]} Bxg5+ {[%clk 0:29:17]} 28. f4 {[%clk
0:23:14]} Bd8 {[%clk 0:29:41]} 29. Bf2 {[%clk 0:21:17]} Kd7 {[%clk 0:29:26]}
30. Bxf7 {[%clk 0:20:52]} Be6 {[%clk 0:29:23]} 31. Bxe6+ {[%clk 0:18:30]} Kxe6
{[%clk 0:29:49]} 32. Ke3 {[%clk 0:15:39]} Kd5 {[%clk 0:26:02]} 33. Be1 {[%clk
0:14:58]} c6 {[%clk 0:23:37]} 34. Bc3 {[%clk 0:14:34]} g6 {[%clk 0:23:17]} 35.
g4 {[%clk 0:12:00]} Be7 {[%clk 0:22:25]} 36. Kf3 {[%clk 0:10:30]} b6 {[%clk
0:21:09]} 37. f5 {[%clk 0:09:55]} gxf5 {[%clk 0:20:59]} 38. gxf5 {[%clk
0:10:21]} a5 {[%clk 0:20:52]} 39. Kg4 {[%clk 0:10:03]} a4 {[%clk 0:18:51]} 40.
f6 {[%clk 0:10:05]} 1-0